000
00290nam a22001217a 4500
040
_c
HS
082
_a
338 BEN 1985 C086
100
_a
McDONALD P. BENJAMIN
245
_a
Investment projects in agriculture
260
_a
New York
_b
McDONALD P. BENJAMIN
_c
1985
300
_a
297p;
942
_c
EK
999
_c
11083
_d
11083